Undermining science (Record no. 190649)
[ view plain ]
| 000 -LEADER | |
|---|---|
| fixed length control field | 01887nam a22003854a 4500 |
| 082 04 - DEWEY DECIMAL CLASSIFICATION NUMBER | |
| Classification number | 509.73/090511 |
| 100 1# - MAIN ENTRY--AUTHOR NAME | |
| Personal name | Shulman, Seth. |
| 245 10 - TITLE STATEMENT | |
| Title | Undermining science |
| 260 ## - PUBLICATION, DISTRIBUTION, ETC. (IMPRINT) | |
| Place of publication | Berkeley : |
| Name of publisher | University of California Press, |
| Year of publication | c2006. |
| 300 ## - PHYSICAL DESCRIPTION | |
| Number of Pages | xix, 202 p. |
| 505 0# - FORMATTED CONTENTS NOTE | |
| Formatted contents note | Facts matter -- "Icing" the data on climate change -- Doctoring evidence about your health -- Abstaining from the truth on abstinence and aids -- Clear skies? healthy forests? understanding Bush's real environmental policy -- When good science is the endangered species -- Burying more than intelligence -- Stacking the deck -- Stem cells and monkey trials -- Restoring scientific integrity. |
| 650 #0 - SUBJECT ADDED ENTRY--TOPICAL TERM | |
| Topical Term | Science and state |
| Topical Term | Research |
| Topical Term | Pressure groups. |
| 856 40 - ELECTRONIC LOCATION AND ACCESS | |
| Uniform Resource Identifier | http://site.ebrary.com/lib/rucke/Doc?id=10146821 |
No items available.
